[Event "DVM U20 2016"]
[Site "Borken-Gemen GER"]
[Date "2016.12.28"]
[Round "4"]
[White "Grimm, Julius"]
[Black "Ruff, Maximilian"]
[Result "0-1"]
[Termination "normal"]
[Board "1.1"]
[BlackTitle "FM"]
[WhiteElo "2281"]
[BlackElo "2228"]
[WhiteClock "00:01:01"]
[BlackClock "00:02:40"]
[WhiteTeam "SF Darmstadt"]
[BlackTeam "SF Sasbach"]
[PlyCount "82"]
[WhiteFideId "12916986"]
[BlackFideId "1271670"]
[EventCountry "GER"]
[EventRounds "7"]
[EventType "team-swiss"]
[EventDate "2016.12.26"]

1. d4 {[%clk 1:30:57]} Nf6 {[%clk 1:30:48]} 2. c4 {[%clk 1:31:17]} e6 {[%clk
1:31:01]} 3. Nc3 {[%clk 1:31:05]} d5 {[%clk 1:31:08]} 4. cxd5 {[%clk 1:31:01]}
exd5 {[%clk 1:31:32]} 5. Bg5 {[%clk 1:31:26]} c6 {[%clk 1:30:58]} 6. e3 {[%clk
1:30:27]} Be7 {[%clk 1:30:48]} 7. Bd3 {[%clk 1:30:12]} Nbd7 {[%clk 1:30:40]} 8.
Nge2 {[%clk 1:28:59]} Nh5 {[%clk 1:30:17]} 9. Bxe7 {[%clk 1:28:09]} Qxe7 {[%clk
1:30:23]} 10. g4 {[%clk 1:11:23]} Nhf6 {[%clk 1:30:13]} 11. Ng3 {[%clk
1:11:05]} g6 {[%clk 1:29:37]} 12. g5 {[%clk 1:05:36]} Ng8 {[%clk 1:29:33]} 13.
h4 {[%clk 1:06:00]} h6 {[%clk 1:29:10]} 14. gxh6 {[%clk 1:04:43]} Nxh6 {[%clk
1:29:13]} 15. h5 {[%clk 1:01:47]} g5 {[%clk 1:29:32]} 16. Qc2 {[%clk 1:00:23]}
Nb6 {[%clk 1:20:55]} 17. O-O-O {[%clk 0:59:24]} Bg4 {[%clk 1:20:49]} 18. Rde1
{[%clk 0:57:20]} O-O-O {[%clk 1:17:57]} 19. e4 {[%clk 0:52:42]} dxe4 {[%clk
1:02:19]} 20. Bxe4 {[%clk 0:49:37]} Qc7 {[%clk 0:53:50]} 21. Kb1 {[%clk
0:44:05]} Rxd4 {[%clk 0:46:47]} 22. f3 {[%clk 0:39:33]} Be6 {[%clk 0:40:55]}
23. Nf5 {[%clk 0:36:13]} Bxf5 {[%clk 0:39:36]} 24. Bxf5+ {[%clk 0:36:34]} Kb8
{[%clk 0:39:48]} 25. Rhg1 {[%clk 0:33:29]} Nc4 {[%clk 0:26:48]} 26. Bd3 {[%clk
0:23:42]} Ne5 {[%clk 0:24:50]} 27. Be2 {[%clk 0:23:26]} f6 {[%clk 0:19:41]} 28.
Ne4 {[%clk 0:20:11]} Qe7 {[%clk 0:17:39]} 29. Rd1 {[%clk 0:16:11]} Nf5 {[%clk
0:15:24]} 30. Qc3 {[%clk 0:14:25]} Rhd8 {[%clk 0:13:58]} 31. Rxd4 {[%clk
0:11:41]} Nxd4 {[%clk 0:14:15]} 32. Bd1 {[%clk 0:11:29]} Ndxf3 {[%clk 0:04:55]}
33. Bxf3 {[%clk 0:07:39]} Rd3 {[%clk 0:05:23]} 34. Qc2 {[%clk 0:03:51]} Rxf3
{[%clk 0:05:45]} 35. Rh1 {[%clk 0:02:52]} Qh7 {[%clk 0:04:56]} 36. h6 {[%clk
0:02:13]} g4 {[%clk 0:04:38]} 37. Nd6 {[%clk 0:01:44]} Qxc2+ {[%clk 0:02:50]}
38. Kxc2 {[%clk 0:02:03]} Rh3 {[%clk 0:03:10]} 39. Rxh3 {[%clk 0:02:00]} gxh3
{[%clk 0:03:38]} 40. h7 {[%clk 0:00:40]} Ng6 {[%clk 0:04:00]} 41. Nf5 {[%clk
0:01:01]} h2 {[%clk 0:02:40]} 0-1

[Event "DVM U20 2016"]
[Site "Borken-Gemen GER"]
[Date "2016.12.28"]
[Round "4"]
[White "Tibke, Jonas"]
[Black "Riehle, Marco"]
[Result "0-1"]
[Termination "normal"]
[Board "1.3"]
[WhiteElo "1866"]
[BlackElo "2303"]
[WhiteClock "00:21:47"]
[BlackClock "00:41:06"]
[WhiteTeam "SF Darmstadt"]
[BlackTeam "SF Sasbach"]
[PlyCount "112"]
[WhiteFideId "12928356"]
[BlackFideId "12904392"]
[EventCountry "GER"]
[EventRounds "7"]
[EventType "team-swiss"]
[EventDate "2016.12.26"]

1. e4 {[%clk 1:30:58]} e5 {[%clk 1:30:18]} 2. Nf3 {[%clk 1:30:29]} Nc6 {[%clk
1:30:23]} 3. Bc4 {[%clk 1:30:35]} Bc5 {[%clk 1:30:39]} 4. d3 {[%clk 1:30:19]}
Nf6 {[%clk 1:30:28]} 5. O-O {[%clk 1:28:39]} d6 {[%clk 1:30:06]} 6. Be3 {[%clk
1:26:52]} Bb6 {[%clk 1:28:41]} 7. c3 {[%clk 1:25:37]} O-O {[%clk 1:27:12]} 8.
Nbd2 {[%clk 1:23:51]} d5 {[%clk 1:24:53]} 9. exd5 {[%clk 1:19:53]} Nxd5 {[%clk
1:24:39]} 10. Bxb6 {[%clk 1:19:24]} Nxb6 {[%clk 1:23:05]} 11. Bb5 {[%clk
1:17:47]} Bf5 {[%clk 1:17:46]} 12. Bxc6 {[%clk 1:11:06]} bxc6 {[%clk 1:18:05]}
13. Nxe5 {[%clk 1:09:17]} Bxd3 {[%clk 1:16:32]} 14. Nxd3 {[%clk 1:08:28]} Qxd3
{[%clk 1:17:00]} 15. Nf3 {[%clk 1:06:47]} Qd5 {[%clk 1:15:46]} 16. Qc2 {[%clk
1:02:42]} Rfe8 {[%clk 1:04:41]} 17. b3 {[%clk 0:58:26]} c5 {[%clk 1:01:38]} 18.
c4 {[%clk 0:58:08]} Qd6 {[%clk 0:56:49]} 19. Rfe1 {[%clk 0:53:14]} Qf6 {[%clk
0:55:32]} 20. Kf1 {[%clk 0:49:22]} Nd7 {[%clk 0:46:38]} 21. Rad1 {[%clk
0:45:24]} Nf8 {[%clk 0:45:17]} 22. h3 {[%clk 0:34:18]} h6 {[%clk 0:41:59]} 23.
Rd5 {[%clk 0:26:53]} Rxe1+ {[%clk 0:41:33]} 24. Nxe1 {[%clk 0:26:27]} Re8
{[%clk 0:41:54]} 25. Nf3 {[%clk 0:20:01]} Ne6 {[%clk 0:37:57]} 26. Re5 {[%clk
0:14:59]} Rd8 {[%clk 0:37:14]} 27. Qf5 {[%clk 0:13:02]} Rd1+ {[%clk 0:29:20]}
28. Ne1 {[%clk 0:12:50]} Qxf5 {[%clk 0:28:37]} 29. Rxf5 {[%clk 0:13:13]} Ra1
{[%clk 0:29:02]} 30. g3 {[%clk 0:10:29]} Nd4 {[%clk 0:22:53]} 31. Rxc5 {[%clk
0:08:05]} Nf3 {[%clk 0:22:20]} 32. Rxc7 {[%clk 0:08:33]} Nxe1 {[%clk 0:21:39]}
33. Rxa7 {[%clk 0:08:35]} Nd3+ {[%clk 0:21:47]} 34. Ke2 {[%clk 0:08:01]} Nc1+
{[%clk 0:20:11]} 35. Ke3 {[%clk 0:07:37]} Nxb3 {[%clk 0:20:35]} 36. Ke4 {[%clk
0:06:48]} Nc5+ {[%clk 0:18:09]} 37. Kd5 {[%clk 0:04:16]} Ne6 {[%clk 0:18:38]}
38. Ra3 {[%clk 0:02:40]} Rd1+ {[%clk 0:17:59]} 39. Kc6 {[%clk 0:02:22]} Rc1
{[%clk 0:17:26]} 40. Kb5 {[%clk 0:01:53]} g5 {[%clk 0:17:13]} 41. Re3 {[%clk
0:30:03]} Rc2 {[%clk 0:46:09]} 42. a4 {[%clk 0:29:57]} Rb2+ {[%clk 0:45:59]}
43. Ka5 {[%clk 0:22:18]} Rxf2 {[%clk 0:45:50]} 44. Re5 {[%clk 0:22:29]} Rc2
{[%clk 0:43:21]} 45. Kb5 {[%clk 0:22:20]} Rb2+ {[%clk 0:43:45]} 46. Ka5 {[%clk
0:22:13]} Kf8 {[%clk 0:44:01]} 47. Rb5 {[%clk 0:21:34]} Rc2 {[%clk 0:41:59]}
48. Kb4 {[%clk 0:21:58]} Ke7 {[%clk 0:40:17]} 49. a5 {[%clk 0:21:28]} Kd6
{[%clk 0:40:05]} 50. Rf5 {[%clk 0:20:51]} Rb2+ {[%clk 0:40:09]} 51. Ka4 {[%clk
0:19:56]} Nc5+ {[%clk 0:39:49]} 52. Ka3 {[%clk 0:20:25]} Rb3+ {[%clk 0:40:13]}
53. Ka2 {[%clk 0:20:50]} Rxg3 {[%clk 0:39:51]} 54. a6 {[%clk 0:21:00]} Nxa6
{[%clk 0:40:11]} 55. Rf6+ {[%clk 0:21:24]} Kc5 {[%clk 0:40:40]} 56. Rxa6 {[%clk
0:21:47]} Rxh3 {[%clk 0:41:06]} 0-1

[Event "DVM U20 2016"]
[Site "Borken-Gemen GER"]
[Date "2016.12.28"]
[Round "4"]
[White "Bohnert, Dominik"]
[Black "Wiewesiek, Timo"]
[Result "1/2-1/2"]
[Termination "normal"]
[Board "1.4"]
[WhiteElo "2027"]
[BlackElo "1903"]
[WhiteClock "00:37:38"]
[BlackClock "00:10:05"]
[WhiteTeam "SF Sasbach"]
[BlackTeam "SF Darmstadt"]
[PlyCount "57"]
[WhiteFideId "12918075"]
[BlackFideId "12920193"]
[EventCountry "GER"]
[EventRounds "7"]
[EventType "team-swiss"]
[EventDate "2016.12.26"]

1. b3 {[%clk 1:30:48]} d5 {[%clk 1:29:26]} 2. Bb2 {[%clk 1:31:07]} Nf6 {[%clk
1:29:42]} 3. e3 {[%clk 1:31:25]} c6 {[%clk 1:26:59]} 4. f4 {[%clk 1:30:00]} Bf5
{[%clk 1:18:33]} 5. Nf3 {[%clk 1:27:49]} Nbd7 {[%clk 1:16:01]} 6. Be2 {[%clk
1:26:57]} e6 {[%clk 1:13:38]} 7. O-O {[%clk 1:25:58]} Be7 {[%clk 1:11:26]} 8.
d3 {[%clk 1:25:36]} Qb6 {[%clk 1:07:52]} 9. Qd2 {[%clk 1:22:57]} O-O {[%clk
1:05:52]} 10. Ne5 {[%clk 1:21:30]} Nxe5 {[%clk 0:56:50]} 11. fxe5 {[%clk
1:18:54]} Nd7 {[%clk 0:55:08]} 12. Bf3 {[%clk 1:09:45]} f6 {[%clk 0:49:18]} 13.
exf6 {[%clk 1:08:13]} Bxf6 {[%clk 0:48:53]} 14. Bxf6 {[%clk 1:08:25]} Rxf6
{[%clk 0:47:27]} 15. Kh1 {[%clk 1:07:14]} Bg6 {[%clk 0:43:35]} 16. Nc3 {[%clk
1:04:54]} Raf8 {[%clk 0:42:14]} 17. Be2 {[%clk 1:01:54]} Qd8 {[%clk 0:40:39]}
18. e4 {[%clk 0:59:08]} d4 {[%clk 0:34:36]} 19. Na4 {[%clk 0:58:22]} Rxf1+
{[%clk 0:23:31]} 20. Rxf1 {[%clk 0:58:43]} Rxf1+ {[%clk 0:23:50]} 21. Bxf1
{[%clk 0:59:11]} Qf6 {[%clk 0:23:22]} 22. Kg1 {[%clk 0:59:33]} b5 {[%clk
0:18:01]} 23. Nb2 {[%clk 0:59:48]} Bh5 {[%clk 0:14:52]} 24. Be2 {[%clk
0:39:27]} Bxe2 {[%clk 0:14:03]} 25. Qxe2 {[%clk 0:39:40]} Qf4 {[%clk 0:13:07]}
26. Nd1 {[%clk 0:37:27]} Qc1 {[%clk 0:10:49]} 27. Kf2 {[%clk 0:37:00]} Qf4+
{[%clk 0:09:40]} 28. Kg1 {[%clk 0:37:22]} Qc1 {[%clk 0:10:05]} 29. Kf2 {[%clk
0:37:38]} 1/2-1/2

[Event "DVM U20 2016"]
[Site "Borken-Gemen GER"]
[Date "2016.12.28"]
[Round "4"]
[White "Dittmar, Lars"]
[Black "Zimmer, Raphael"]
[Result "1-0"]
[Termination "normal"]
[Board "1.5"]
[WhiteElo "1826"]
[BlackElo "2252"]
[WhiteClock "00:14:11"]
[BlackClock "00:20:57"]
[WhiteTeam "SF Darmstadt"]
[BlackTeam "SF Sasbach"]
[PlyCount "95"]
[WhiteFideId "12921505"]
[BlackFideId "12978841"]
[EventCountry "GER"]
[EventRounds "7"]
[EventType "team-swiss"]
[EventDate "2016.12.26"]

1. e4 {[%clk 1:30:57]} e5 {[%clk 1:30:54]} 2. Nf3 {[%clk 1:31:24]} Nc6 {[%clk
1:31:17]} 3. Bb5 {[%clk 1:31:49]} a6 {[%clk 1:31:39]} 4. Ba4 {[%clk 1:32:17]}
Nf6 {[%clk 1:31:57]} 5. O-O {[%clk 1:32:41]} Be7 {[%clk 1:32:11]} 6. Re1 {[%clk
1:33:01]} b5 {[%clk 1:32:30]} 7. Bb3 {[%clk 1:33:27]} O-O {[%clk 1:32:49]} 8.
c3 {[%clk 1:33:54]} d5 {[%clk 1:33:00]} 9. exd5 {[%clk 1:32:47]} Nxd5 {[%clk
1:33:20]} 10. Nxe5 {[%clk 1:29:18]} Nxe5 {[%clk 1:33:25]} 11. Rxe5 {[%clk
1:29:43]} Nf6 {[%clk 1:33:21]} 12. d4 {[%clk 1:27:39]} Bd6 {[%clk 1:33:04]} 13.
Re1 {[%clk 1:27:38]} Ng4 {[%clk 1:32:35]} 14. h3 {[%clk 1:22:36]} Qh4 {[%clk
1:30:03]} 15. Qf3 {[%clk 1:21:56]} Nxf2 {[%clk 1:28:58]} 16. Qxf2 {[%clk
1:20:25]} Bh2+ {[%clk 1:28:45]} 17. Kf1 {[%clk 1:20:18]} Bg3 {[%clk 1:28:47]}
18. Qe2 {[%clk 1:10:59]} Bxh3 {[%clk 1:27:32]} 19. gxh3 {[%clk 1:01:33]} Rae8
{[%clk 1:25:34]} 20. Be3 {[%clk 0:59:38]} Bxe1 {[%clk 1:15:51]} 21. Qf3 {[%clk
0:54:06]} Re6 {[%clk 1:11:45]} 22. Ke2 {[%clk 0:50:05]} Rf6 {[%clk 1:06:20]}
23. Qg4 {[%clk 0:48:27]} Re8 {[%clk 1:03:01]} 24. Qxh4 {[%clk 0:47:56]} Bxh4
{[%clk 1:03:14]} 25. Na3 {[%clk 0:48:16]} Rf2+ {[%clk 0:58:09]} 26. Kd3 {[%clk
0:48:39]} Rf3 {[%clk 0:58:00]} 27. Nc2 {[%clk 0:48:58]} Kf8 {[%clk 0:56:12]}
28. Bd5 {[%clk 0:41:10]} Rxh3 {[%clk 0:52:16]} 29. Rf1 {[%clk 0:40:54]} f6
{[%clk 0:51:01]} 30. Bb7 {[%clk 0:40:22]} h5 {[%clk 0:43:20]} 31. Bxa6 {[%clk
0:39:05]} Bg5 {[%clk 0:41:11]} 32. Re1 {[%clk 0:38:20]} f5 {[%clk 0:38:43]} 33.
Bxb5 {[%clk 0:29:25]} Re7 {[%clk 0:38:00]} 34. Kd2 {[%clk 0:26:04]} f4 {[%clk
0:35:56]} 35. Rf1 {[%clk 0:25:02]} Rf7 {[%clk 0:29:50]} 36. Bf2 {[%clk
0:24:48]} Bd8 {[%clk 0:28:09]} 37. a4 {[%clk 0:24:08]} g5 {[%clk 0:27:35]} 38.
Bc6 {[%clk 0:23:22]} g4 {[%clk 0:22:07]} 39. a5 {[%clk 0:23:07]} Bg5 {[%clk
0:22:02]} 40. a6 {[%clk 0:23:00]} Kg7 {[%clk 0:22:06]} 41. a7 {[%clk 0:21:06]}
Rf8 {[%clk 0:22:17]} 42. a8=Q {[%clk 0:21:26]} Rxa8 {[%clk 0:22:38]} 43. Bxa8
{[%clk 0:21:52]} g3 {[%clk 0:22:51]} 44. Ke2 {[%clk 0:15:11]} Rh2 {[%clk
0:21:34]} 45. Ne1 {[%clk 0:14:45]} f3+ {[%clk 0:20:28]} 46. Nxf3 {[%clk
0:14:24]} g2 {[%clk 0:20:35]} 47. Rg1 {[%clk 0:14:05]} Rh1 {[%clk 0:20:57]} 48.
Nxg5 {[%clk 0:14:11]} 1-0

[Event "DVM U20 2016"]
[Site "Borken-Gemen GER"]
[Date "2016.12.28"]
[Round "4"]
[White "Gubela, Hans-Erich Constanti"]
[Black "Tampe, Alexander"]
[Result "1/2-1/2"]
[Termination "normal"]
[Board "1.6"]
[WhiteElo "1787"]
[BlackElo "1681"]
[WhiteClock "00:34:05"]
[BlackClock "00:24:56"]
[WhiteTeam "SF Sasbach"]
[BlackTeam "SF Darmstadt"]
[PlyCount "50"]
[WhiteFideId "24692140"]
[BlackFideId "12921572"]
[EventCountry "GER"]
[EventRounds "7"]
[EventType "team-swiss"]
[EventDate "2016.12.26"]

1. b3 {[%clk 1:30:57]} d5 {[%clk 1:30:56]} 2. Bb2 {[%clk 1:31:22]} Nc6 {[%clk
1:29:20]} 3. e3 {[%clk 1:31:44]} Nf6 {[%clk 1:28:57]} 4. f4 {[%clk 1:29:54]}
Bf5 {[%clk 1:22:19]} 5. Bb5 {[%clk 1:29:55]} Bd7 {[%clk 1:19:20]} 6. Nf3 {[%clk
1:29:46]} e6 {[%clk 1:18:31]} 7. d3 {[%clk 1:28:22]} Bd6 {[%clk 1:15:28]} 8.
Nbd2 {[%clk 1:27:01]} a6 {[%clk 1:12:33]} 9. Bxc6 {[%clk 1:27:21]} Bxc6 {[%clk
1:12:57]} 10. O-O {[%clk 1:27:36]} Qe7 {[%clk 1:08:43]} 11. Ne5 {[%clk
1:26:49]} O-O {[%clk 1:06:36]} 12. Ndf3 {[%clk 1:21:37]} Nd7 {[%clk 1:04:50]}
13. Qe1 {[%clk 1:20:17]} f6 {[%clk 1:03:08]} 14. Nxc6 {[%clk 1:18:04]} bxc6
{[%clk 1:02:57]} 15. Qh4 {[%clk 1:15:30]} c5 {[%clk 0:55:55]} 16. Rae1 {[%clk
1:13:23]} Rae8 {[%clk 0:49:03]} 17. e4 {[%clk 1:07:57]} f5 {[%clk 0:46:59]} 18.
exd5 {[%clk 1:03:50]} Qxh4 {[%clk 0:46:03]} 19. Nxh4 {[%clk 1:04:13]} exd5
{[%clk 0:46:29]} 20. Rxe8 {[%clk 1:02:15]} Rxe8 {[%clk 0:45:32]} 21. Nxf5
{[%clk 1:00:01]} Re2 {[%clk 0:38:53]} 22. Nxd6 {[%clk 0:49:24]} Rxc2 {[%clk
0:37:31]} 23. Bxg7 {[%clk 0:35:44]} cxd6 {[%clk 0:37:31]} 24. Bh6 {[%clk
0:34:44]} Rxa2 {[%clk 0:37:47]} 25. Rf3 {[%clk 0:34:05]} Nf6 {[%clk 0:24:56]}
1/2-1/2

[Event "DVM U20 2016"]
[Site "Borken-Gemen GER"]
[Date "2016.12.28"]
[Round "4"]
[White "Pluska, Alexander"]
[Black "Peng, Xiang-Tobias"]
[Result "1-0"]
[Termination "normal"]
[Board "2.1"]
[WhiteElo "2156"]
[BlackElo "2144"]
[WhiteTeam "SK Doppelbauer Kiel"]
[BlackTeam "Heilbronner SV"]
[PlyCount "77"]
[WhiteFideId "12975141"]
[BlackFideId "12964328"]
[EventCountry "GER"]
[EventRounds "7"]
[EventType "team-swiss"]
[EventDate "2016.12.26"]

1. d4 d5 2. Nf3 Nf6 3. c4 e6 4. Nc3 Be7 5. Bf4 O-O 6. e3 Nbd7 7. c5 Nh5 8. Bd3
Nxf4 9. exf4 Bf6 10. Qc2 g6 11. h4 Bg7 12. h5 Qf6 13. Ne2 Re8 14. g4 Nf8 15.
O-O-O e5 16. Nxe5 Ne6 17. g5 Qe7 18. hxg6 hxg6 19. Kb1 Bxe5 20. fxe5 Ng7 21.
Rh2 Bg4 22. f4 Qe6 23. Rdh1 Kf8 24. Ng3 Bf5 25. Bxf5 Nxf5 26. Nxf5 Qxf5 27.
Qxf5 gxf5 28. Rh7 Rac8 29. R1h6 Kg8 30. Kc2 b6 31. c6 a6 32. b4 b5 33. Kd2 Ra8
34. Ke3 Rac8 35. Kf3 Ra8 36. Kg3 Rac8 37. Kh4 Ra8 38. Kh5 Rac8 39. Rh8+ 1-0

[Event "DVM U20 2016"]
[Site "Borken-Gemen GER"]
[Date "2016.12.28"]
[Round "4"]
[White "Wenninger, Patrick"]
[Black "Beeck, Mats"]
[Result "1/2-1/2"]
[Termination "normal"]
[Board "2.2"]
[WhiteElo "1841"]
[BlackElo "2161"]
[WhiteClock "00:21:11"]
[BlackClock "00:46:13"]
[WhiteTeam "Heilbronner SV"]
[BlackTeam "SK Doppelbauer Kiel"]
[PlyCount "53"]
[WhiteFideId "12927880"]
[BlackFideId "12936944"]
[EventCountry "GER"]
[EventRounds "7"]
[EventType "team-swiss"]
[EventDate "2016.12.26"]

1. d4 {[%clk 1:30:54]} Nf6 {[%clk 1:30:55]} 2. Nf3 {[%clk 1:31:15]} g6 {[%clk
1:31:11]} 3. c4 {[%clk 1:31:34]} Bg7 {[%clk 1:31:34]} 4. Nc3 {[%clk 1:31:56]}
O-O {[%clk 1:31:47]} 5. e4 {[%clk 1:32:17]} d6 {[%clk 1:32:11]} 6. Be2 {[%clk
1:32:28]} c5 {[%clk 1:32:04]} 7. d5 {[%clk 1:32:05]} e6 {[%clk 1:32:07]} 8. O-O
{[%clk 1:32:24]} Re8 {[%clk 1:32:31]} 9. Bf4 {[%clk 1:29:37]} e5 {[%clk
1:28:08]} 10. Bd2 {[%clk 1:23:35]} Nh5 {[%clk 1:25:47]} 11. Rb1 {[%clk
1:14:54]} Nf4 {[%clk 1:25:01]} 12. b4 {[%clk 1:05:46]} cxb4 {[%clk 1:18:53]}
13. Rxb4 {[%clk 1:05:45]} Na6 {[%clk 1:19:04]} 14. Rb2 {[%clk 1:05:11]} f5
{[%clk 1:16:37]} 15. exf5 {[%clk 0:59:01]} Nxe2+ {[%clk 1:11:28]} 16. Qxe2
{[%clk 0:43:34]} gxf5 {[%clk 1:11:46]} 17. Bg5 {[%clk 0:42:22]} Bf6 {[%clk
1:08:21]} 18. Bxf6 {[%clk 0:37:27]} Qe7 19. Re1 Qxf6 {[%clk 1:08:19]} 20. Nd2
{[%clk 0:37:35]} Re7 {[%clk 1:01:36]} 21. Reb1 {[%clk 0:30:49]} e4 {[%clk
0:54:42]} 22. Qe3 {[%clk 0:26:20]} Nc5 {[%clk 0:52:00]} 23. Ne2 {[%clk
0:25:11]} Nd3 {[%clk 0:47:34]} 24. Rb3 {[%clk 0:24:54]} Nc5 {[%clk 0:46:48]}
25. R3b2 {[%clk 0:25:07]} Nd3 {[%clk 0:46:40]} 26. Rb3 {[%clk 0:22:27]} Nc5
{[%clk 0:46:13]} 27. R3b2 {[%clk 0:21:11]} 1/2-1/2

[Event "DVM U20 2016"]
[Site "Borken-Gemen GER"]
[Date "2016.12.28"]
[Round "4"]
[White "Rieper, Julian"]
[Black "Degenhard, Simon"]
[Result "1-0"]
[Termination "normal"]
[Board "2.3"]
[WhiteElo "2029"]
[BlackElo "1979"]
[WhiteClock "00:14:44"]
[BlackClock "00:05:20"]
[WhiteTeam "SK Doppelbauer Kiel"]
[BlackTeam "Heilbronner SV"]
[PlyCount "122"]
[WhiteFideId "12936960"]
[BlackFideId "12944017"]
[EventCountry "GER"]
[EventRounds "7"]
[EventType "team-swiss"]
[EventDate "2016.12.26"]

1. e4 {[%clk 1:30:57]} c5 {[%clk 1:30:54]} 2. Nc3 {[%clk 1:31:08]} g6 {[%clk
1:31:13]} 3. f4 {[%clk 1:31:24]} Bg7 {[%clk 1:31:34]} 4. Nf3 {[%clk 1:31:46]}
Nc6 {[%clk 1:31:58]} 5. Bb5 {[%clk 1:32:12]} Nd4 {[%clk 1:32:20]} 6. O-O {[%clk
1:32:38]} a6 {[%clk 1:32:44]} 7. Bc4 {[%clk 1:32:00]} e6 {[%clk 1:29:48]} 8. a4
{[%clk 1:31:25]} Ne7 {[%clk 1:28:49]} 9. e5 {[%clk 1:25:29]} d5 {[%clk
1:21:49]} 10. Bd3 {[%clk 1:21:59]} Nec6 {[%clk 1:20:19]} 11. b3 {[%clk
1:15:35]} O-O {[%clk 1:19:37]} 12. Ne2 {[%clk 1:14:00]} Nxf3+ {[%clk 1:16:42]}
13. Rxf3 {[%clk 1:14:02]} f6 {[%clk 1:16:02]} 14. exf6 {[%clk 1:11:51]} Bxf6
{[%clk 1:15:00]} 15. c3 {[%clk 1:11:04]} e5 {[%clk 1:14:32]} 16. Bc2 {[%clk
1:10:10]} Bg4 {[%clk 1:11:18]} 17. Rf2 {[%clk 1:08:05]} exf4 {[%clk 1:08:23]}
18. Qf1 {[%clk 1:06:32]} Bh4 {[%clk 1:06:57]} 19. Nxf4 {[%clk 0:53:49]} Bxf2+
{[%clk 1:07:12]} 20. Qxf2 {[%clk 0:54:15]} Bf5 {[%clk 0:46:35]} 21. d3 {[%clk
0:51:49]} Qd6 {[%clk 0:44:57]} 22. Bd2 {[%clk 0:49:20]} Rae8 23. Qh4 {[%clk
0:46:21]} d4 {[%clk 0:40:56]} 24. c4 {[%clk 0:40:34]} Ne5 {[%clk 0:39:33]} 25.
Re1 {[%clk 0:38:12]} Bd7 {[%clk 0:33:10]} 26. a5 {[%clk 0:34:16]} Bc6 {[%clk
0:31:46]} 27. Bd1 {[%clk 0:32:48]} Qf6 {[%clk 0:27:41]} 28. Qg3 {[%clk
0:31:51]} Qf5 {[%clk 0:25:48]} 29. h3 {[%clk 0:27:12]} Kh8 {[%clk 0:23:30]} 30.
Be2 {[%clk 0:25:53]} Qd7 {[%clk 0:20:01]} 31. Bd1 {[%clk 0:23:50]} Qd6 {[%clk
0:19:35]} 32. Qh4 {[%clk 0:23:36]} Qf6 {[%clk 0:18:38]} 33. Qg3 {[%clk
0:23:43]} Nf7 {[%clk 0:16:57]} 34. Rxe8 {[%clk 0:15:26]} Rxe8 {[%clk 0:17:15]}
35. Nd5 {[%clk 0:12:10]} Bxd5 {[%clk 0:14:49]} 36. cxd5 {[%clk 0:12:31]} Qd6
{[%clk 0:13:22]} 37. Qf3 {[%clk 0:09:07]} Kg7 {[%clk 0:13:14]} 38. Bf4 {[%clk
0:08:15]} Qf6 {[%clk 0:12:06]} 39. Qg3 {[%clk 0:05:31]} Ne5 {[%clk 0:07:47]}
40. Be2 {[%clk 0:04:02]} Qd6 {[%clk 0:02:00]} 41. Bf3 {[%clk 0:03:26]} Nxf3+
{[%clk 0:27:46]} 42. Qxf3 {[%clk 0:33:32]} Qf6 {[%clk 0:25:35]} 43. d6 {[%clk
0:30:00]} Qf7 {[%clk 0:18:15]} 44. Qg4 {[%clk 0:22:41]} Rd8 {[%clk 0:14:33]}
45. b4 {[%clk 0:21:09]} Qf5 {[%clk 0:12:17]} 46. Qxf5 {[%clk 0:20:43]} gxf5
{[%clk 0:12:37]} 47. Be5+ {[%clk 0:20:33]} Kf7 {[%clk 0:12:46]} 48. bxc5 {[%clk
0:20:58]} Ke6 {[%clk 0:12:53]} 49. Bxd4 {[%clk 0:21:23]} Kd5 {[%clk 0:13:00]}
50. Be3 {[%clk 0:21:31]} Kc6 {[%clk 0:12:00]} 51. d4 {[%clk 0:19:10]} Kd5
{[%clk 0:10:13]} 52. g3 {[%clk 0:16:42]} Ke4 {[%clk 0:10:05]} 53. Kf2 {[%clk
0:16:55]} Rd7 {[%clk 0:10:21]} 54. h4 {[%clk 0:16:25]} h5 {[%clk 0:09:01]} 55.
Ke2 {[%clk 0:16:37]} Rf7 {[%clk 0:07:57]} 56. Kd2 {[%clk 0:15:20]} Rf8 {[%clk
0:07:13]} 57. Bg5 {[%clk 0:13:48]} Rf7 {[%clk 0:06:48]} 58. Kc3 {[%clk
0:14:01]} Rd7 {[%clk 0:05:45]} 59. Kc4 {[%clk 0:14:16]} Kf3 {[%clk 0:04:58]}
60. Bf4 {[%clk 0:14:37]} Ke4 {[%clk 0:05:20]} 61. d5 {[%clk 0:14:44]} Kxd5+ 1-0

[Event "DVM U20 2016"]
[Site "Borken-Gemen GER"]
[Date "2016.12.28"]
[Round "4"]
[White "Mikeler, Marcel"]
[Black "Wanner, Lukas"]
[Result "1-0"]
[Termination "normal"]
[Board "2.4"]
[WhiteElo "1833"]
[BlackElo "2020"]
[WhiteClock "00:51:36"]
[BlackClock "00:58:28"]
[WhiteTeam "Heilbronner SV"]
[BlackTeam "SK Doppelbauer Kiel"]
[PlyCount "45"]
[WhiteFideId "12927856"]
[BlackFideId "12918148"]
[EventCountry "GER"]
[EventRounds "7"]
[EventType "team-swiss"]
[EventDate "2016.12.26"]

1. d4 {[%clk 1:30:57]} Nf6 {[%clk 1:30:54]} 2. Nf3 {[%clk 1:31:22]} c5 {[%clk
1:30:47]} 3. d5 {[%clk 1:31:49]} e6 {[%clk 1:28:57]} 4. Nc3 {[%clk 1:32:14]}
exd5 {[%clk 1:27:01]} 5. Nxd5 {[%clk 1:32:31]} Nxd5 {[%clk 1:26:30]} 6. Qxd5
{[%clk 1:32:55]} Nc6 {[%clk 1:21:42]} 7. e4 {[%clk 1:25:34]} d6 {[%clk
1:21:08]} 8. c3 {[%clk 1:18:47]} Be6 {[%clk 1:21:04]} 9. Qd1 {[%clk 1:18:27]}
Be7 {[%clk 1:20:32]} 10. Bf4 {[%clk 1:18:23]} O-O {[%clk 1:19:12]} 11. Bd3
{[%clk 1:16:47]} d5 {[%clk 1:18:13]} 12. O-O {[%clk 1:13:26]} d4 {[%clk
1:14:32]} 13. cxd4 {[%clk 1:02:32]} Nxd4 {[%clk 1:14:49]} 14. Nxd4 {[%clk
1:02:06]} Qxd4 {[%clk 1:15:01]} 15. Qe2 {[%clk 1:01:45]} c4 {[%clk 1:14:31]}
16. Bc2 {[%clk 1:01:07]} b5 {[%clk 1:11:19]} 17. Be3 {[%clk 0:59:27]} Qf6
{[%clk 1:10:30]} 18. f4 {[%clk 0:59:28]} a6 {[%clk 1:08:27]} 19. e5 {[%clk
0:55:44]} Qh4 {[%clk 1:08:16]} 20. f5 {[%clk 0:55:46]} Bc8 {[%clk 1:02:37]} 21.
g3 {[%clk 0:51:25]} Qh3 {[%clk 1:01:29]} 22. Be4 {[%clk 0:51:28]} Rb8 {[%clk
0:58:28]} 23. Bg2 {[%clk 0:51:36]} 1-0